000 00493nam a22001937a 4500
005 20251108175315.0
008 250721s1995 xx 000 0 eng d
020 _a688134254
082 1 4 _aJ/581/LEW
100 1 _alewin, betsy
245 1 0 _aWalk a Green Path /
264 1 _anew york :
_bshepard book,
_c1995.
300 _a[25 P]
650 1 7 _aBOTANY
650 1 7 _aPLANTS
653 _aأطفال مرحلة متوسطة ( 6 - 9 سنوات)
942 _2ddc
_cBK
999 _c131045
_d131045